Quiz dziękujący - Statystyki

Ogólne statystyki
  • Ten quiz został rozwiązany 102 razy
  • Średni wynik to 8 z 10
Statystyki odpowiedzi
Hint Odpowiedź % Poprawnych
Pierwsza litera alfabetu A
97%
Francuskie Merci, angielskie Thank You i hiszpańskie Gracias to polskie... Dziękuję
95%
"N" z kreską u góry Ń
93%
10999, ... , 11001, 11002, 11003 11000
91%
Możesz być w domu i poza domem, przed domem i ... domem. Za
87%
Ja - ... , Ty - Twoich, Wy - Waszych, On - Jego, Ona - Jej Moich
83%
Quiz w dopełniaczu liczby mnogiej Quizów
76%
2, 1, 18, 4, 26 i 15 litera alfabetu ułożone po kolei Bardzo
70%
Morska gwiazda to ...gwiazda Roz
62%
Jakie drzewo ma łacińską nazwę Ulmus? Wiąz
44%
Nie znaleziono quizów pasujących do podanych kryteriów
Rozkład punktacji
Procent ludzi z każdym wynikiem
Percentyl według liczby udzielonych odpowiedzi
Twoja historia wyników
Nie rozwiązałeś tego quizu